Statistics for Movies By 1 Actor and 1 Actress - Steven Spielberg

Click here to take the quiz!

General Stats

  • This quiz has been taken 35 times
  • The average score is 12 of 25

Answer Stats

CastMovie% Correct
Sam Neill, Laura DernJurassic Park
88%
Liam Neeson, Caroline GoodallSchindler's List
78%
Leonardo DiCaprio, Amy AdamsCatch Me If You Can
69%
Henry Thomas, Dee WallaceE.T. the Extra-Terrestrial
69%
Tom Cruise, Dakota FanningWar of the Worlds
69%
Richard Dreyfuss, Lorraine GaryJaws
66%
Daniel Day Lewis, Sally FieldLincoln
66%
Robin Williams, Julia RobertsHook
59%
Danny Glover, Whoopi GoldbergThe Color Purple
59%
Tom Hanks, Catherine Zeta JonesThe Terminal
50%
Tom Cruise, Samantha MortonMinority Report
47%
Richard Dreyfuss, Teri GarrClose Encounters of the Third Kind
41%
Tye Sheridan, Olivia CookeReady Player One
41%
Meryl Streep, Tom HanksThe Post
41%
Eric Bana, Ayelet ZurerMunich
38%
Christian Bale, Emily RichardsEmpire of the Sun
34%
Michelle Williams, Seth RogenThe Fabelmans
34%
Ansel Elgort, Rachel ZeglerWest Side Story
34%
Tom Hanks, Amy RyanBridge of Spies
31%
Dan Aykroyd, Lorraine Gary1941
28%
Djimon Hounsou, Anna PaquinAmistad
28%
Harrison Ford, Karen AllenIndiana Jones and the Raiders of the Lost Ark
25%
Jeff Goldblum, Julianne MooreThe Lost World: Jurassic Park
25%
Goldie Hawn, Ben JohnsonThe Sugarland Express
22%
Emily Watson, David ThewlisWar Horse
19%

Score Distribution

Percentile by Number Answered

Percent of People with Each Score

Your Score History

You have not taken this quiz